Polsko-český a česko-polský ekonomický slovník

Enregistré dans:
Détails bibliographiques
Auteur principal: Radvanovský, Antonín
Format: Livre
Langue:tchèque
polonais
Publié: Praha Státní pedagogické nakladatelství 1988
Édition:2. nezměn. vyd.
Tags: Ajouter un tag
Pas de tags, Soyez le premier à ajouter un tag!

MARC

LEADER 00000nam a2200000 4500
001 c038886
005 20221219085529.8
041 0 |a cze 
041 0 |a pol 
044 |a CZ 
245 1 0 |a Polsko-český a česko-polský ekonomický slovník  |c Antonín Radvanovský 
250 |a 2. nezměn. vyd. 
264 1 |a Praha  |b Státní pedagogické nakladatelství  |c 1988 
300 |a 613 s. 
100 1 |a Radvanovský, Antonín